Wszyscy uczestnicy Ligi Mistrzów (92/93-25/26) - Statystyki

Ogólne statystyki
  • Ten quiz został rozwiązany 119 razy
  • Średni wynik to 95 z 158
Statystyki odpowiedzi
Państwo Ilość sezonów Najlepszy wynik Odpowiedź % Poprawnych
Hiszpania 30 Zwycięstwo FC Barcelona
99%
Hiszpania 30 Zwycięstwo Real Madryt
99%
Hiszpania 16 Finał Atletico Madryt
96%
Anglia 22 Finał Arsenal
93%
Anglia 15 Zwycięstwo Manchester City
93%
Anglia 25 Zwycięstwo Manchester United
93%
Hiszpania 12 Finał Valencia
93%
Polska 2 Ćwierćfinał Legia Warszawa
92%
Anglia 17 Zwycięstwo Liverpool
92%
Włochy 21 Zwycięstwo Milan
92%
Anglia 7 Finał Tottenham Hotspur
92%
Niemcy 29 Zwycięstwo Bayern Monachium
90%
Niemcy 20 Zwycięstwo Borussia Dortmund
90%
Anglia 20 Zwycięstwo Chelsea
90%
Włochy 19 Zwycięstwo Inter Mediolan
90%
Włochy 25 Zwycięstwo Juventus
90%
Holandia 19 Zwycięstwo Ajax
89%
Francja 18 Zwycięstwo Paris Saint-Germain
89%
Holandia 19 Półfinał PSV Eindhoven
89%
Niemcy 15 Finał Bayer Leverkusen
88%
Hiszpania 9 Ćwierćfinał Sevilla
88%
Francja 12 Zwycięstwo Olympique Marsylia
86%
Holandia 7 1/8 finału Feyenoord
85%
Francja 16 Półfinał Olympique Lyon
85%
Portugalia 27 Zwycięztwo Porto
85%
Włochy 11 Półfinał Roma
85%
Czechy 8 1/8 finału Sparta Praga
85%
Portugalia 12 1/8 finału Sporting CP
85%
Portugalia 20 Ćwierćfinał Benfica
84%
Szkocja 13 1/8 finału Celtic
82%
Rosja 12 Ćwierćfinał CSKA Moskwa
82%
Ukraina 18 Półfinał Dynamo Kijów
82%
Rosja 9 1/8 finału Zenit Petersburg
82%
Szkocja 11 1/8 finału Rangers
81%
Polska 1 Faza grupowa/ligowa Widzew Łódź
81%
Turcja 18 Ćwierćfinał Galatasaray
79%
Francja 11 Finał Monaco
79%
Włochy 9 Ćwierćfinał Napoli
79%
Czechy 3 Faza grupowa/ligowa Slavia Praga
79%
Włochy 7 Ćwierćfinał Lazio
78%
Ukraina 19 Ćwierćfinał Szachtar Donieck
78%
Grecja 5 Faza grupowa/ligowa AEK Ateny
77%
Hiszpania 5 Półfinał Deportivo La Coruña
77%
Chorwacja 9 Faza grupowa/ligowa Dinamo Zagrzeb
77%
Dania 7 1/8 finału FC Kopenhaga
77%
Niemcy 7 Półfinał RB Leipzig
77%
Hiszpania 3 1/8 finału Real Sociedad
77%
Hiszpania 5 Półfinał Villarreal
77%
Turcja 6 Ćwierćfinał Fenerbahçe
75%
Anglia 4 1/8 finału Newcastle United
75%
Austria 7 1/8 finału Red Bull Salzburg
75%
Hiszpania 3 Faza grupowa/ligowa Athletic Bilbao
74%
Turcja 8 1/8 finału Beşiktaş
74%
Słowacja 1 Faza grupowa/ligowa Slovan Bratysława
74%
Szwajcaria 4 Faza grupowa/ligowa Young Boys
74%
Belgia 12 1/8 finału Club Brugge
73%
Serbia 4 Faza grupowa/ligowa Crvena Zveda Belgrad
73%
Niemcy 8 Półfinał Schalke 04
73%
Włochy 5 Ćwierćfinał Atalanta
71%
Szwecja 3 Faza grupowa/ligowa Malmo FF
71%
Hiszpania 1 Faza grupowa/ligowa Real Betis
71%
Belgia 12 1/8 finału Anderlecht
70%
Austria 1 Faza grupowa/ligowa Austria Wiedeń
70%
Portugalia 3 Faza grupowa/ligowa Braga
70%
Austria 2 Faza grupowa/ligowa Rapid Wiedeń
70%
Niemcy 4 1/8 finału VfB Stuttgart
70%
Anglia 1 Ćwierćfinał Aston Villa
68%
Szwajcaria 8 1/8 finału Basel
68%
Francja 8 1/8 finału Lille
68%
Grecja 9 Półfinał Panathinaikos
68%
Cypr 4 Ćwierćfinał APOEL
67%
Norwegia 1 Play-offy* Bodø/Glimt
67%
Białoruś 5 Faza grupowa/ligowa BATE Borysów
66%
Wegry 2 Faza grupowa/ligowa Ferencváros
66%
Włochy 3 1/8 finału Fiorentina
66%
Niemcy 2 Faza grupowa/ligowa Hamburger SV
66%
Anglia 1 Ćwierćfinał Leicester City
66%
Grecja 21 Ćwierćfinał Olympiakos
66%
Rosja 12 Ćwierćfinał Spartak Moskwa
66%
Niemcy 3 Ćwierćfinał VfL Wolfsburg
66%
Hiszpania 1 Ćwierćfinał Málaga
64%
Niemcy 7 1/8 finału Werder Brema
64%
Kazachstan 1 Faza grupowa/ligowa Astana
62%
Belgia 3 Faza grupowa/ligowa Genk
62%
Mołdawia 1 Faza grupowa/ligowa Sheriff Tyraspol
62%
Czechy 4 Faza grupowa/ligowa Viktoria Pilzno
62%
Seria 2 Faza grupowa/ligowa Partizan Belgrad
60%
Niemcy 1 Faza grupowa/ligowa Union Berlin
60%
Niemcy 3 1/8 finału Borussia Mönchengladbach
59%
Belgia 1 1/8 finału Gent
59%
Finlandia 1 Faza grupowa/ligowa HJK
59%
Holandia 1 Faza grupowa/ligowa AZ Alkmaar
58%
Włochy 1 Faza grupowa/ligowa Bologna
58%
Rumunia 7 Faza grupowa/ligowa FCSB
58%
Niemcy 2 1/8 finału Eintracht Frankfurt
56%
Norwegia 11 Ćwierćfinał Rosenborg
56%
Austria 4 1/8 finału Sturm Graz
56%
Francja 3 Faza grupowa/ligowa Lens
55%
Azerbejdżan 2 Play-offy* Qarabağ
53%
Hiszpania 1 Faza grupowa/ligowa Girona
52%
Chorwacja 1 Ćwierćfinał Hajduk Split
51%
Anglia 1 Półfinał Leeds United
51%
Francja 2 Półfinał Nantes
51%
Francja 4 Ćwierćfinał Bordeaux
49%
Rumunia 3 Faza grupowa/ligowa CFR Cluj
49%
Rosja 1 Faza grupowa/ligowa Krasnodar
49%
Holandia 1 Faza grupowa/ligowa Twente
49%
Niemcy 1 1/8 finału Hertha BSC
48%
Szwecja 4 Ćwierćfinał IFK Göteborg
48%
Rosja 6 1/8 finału Lokomotiw Moskwa
48%
Włochy 1 Faza grupowa/ligowa Parma
48%
Turcja 1 Faza grupowa/ligowa Trabzonspor
48%
Anglia 1 Faza grupowa/ligowa Blackburn Rovers
47%
Francja 1 Play-offy* Brest
47%
Słowenia 3 Faza grupowa/ligowa Maribor
47%
Dania 1 Faza grupowa/ligowa Brondby
44%
Norwegia 1 Faza grupowa/ligowa Molde
42%
Francja 1 Faza grupowa/ligowa Rennes
42%
Włochy 1 Faza grupowa/ligowa Udinese
42%
Turcja 1 Faza grupowa/ligowa İstanbul Başakşehir
41%
Bułgaria 2 Faza grupowa/ligowa Ludogorets Razgrad
41%
Izrael 2 Faza grupowa/ligowa Maccabi Tel Awiw
41%
Francja 1 Faza grupowa/ligowa Montpellier
41%
Cypr 1 Faza grupowa/ligowa Pafos
40%
Rosja 2 Faza grupowa/ligowa Rubin Kazań
40%
Belgia 1 Faza grupowa/ligowa Standard Liège
40%
Niemcy 1 Faza grupowa/ligowa TSG Hoffenheim
40%
Hiszpania 1 Faza grupowa/ligowa Mallorca
38%
Portugalia 2 1/8 finału Boavista
37%
Hiszpania 1 1/8 finału Celta Vigo
37%
Belgia 1 Faza grupowa/ligowa Royal Antwerp
36%
Francja 3 Ćwierćfinał Auxerre
34%
Szwajcaria 2 Faza grupowa/ligowa Grasshopper
34%
Szwajcaria 1 Faza grupowa/ligowa Zurich
34%
Szwecja 1 Faza grupowa/ligowa AIK
32%
Dania 2 Faza grupowa/ligowa Aab
30%
Kazachstan 1 Faza grupowa/ligowa Kajrat Ałmaty
30%
Izrael 3 Faza grupowa/ligowa Maccabi Haifa
27%
Niemcy 1 Cwierćfinał 1. FC Kaiserslautern
26%
Izrael 1 Faza grupowa/ligowa Hapoel Tel Awiw
26%
Słowacja 1 Faza grupowa/ligowa Kosice
25%
Rosja 1 Faza grupowa/ligowa Rostów
25%
Słowacja 1 Faza grupowa/ligowa Zilina
25%
Bułgaria 1 Faza grupowa/ligowa Levski Sofia
23%
Dania 1 Faza grupowa/ligowa Midtjylland
23%
Turcja 1 Faza grupowa/ligowa Bursaspor
21%
Słowacja 1 Faza grupowa/ligowa Petrzalka
19%
Holandia 1 Faza grupowa/ligowa Heerenveen
18%
Belgia 1 Faza grupowa/ligowa Union Saint-Gilloise
18%
Dania 1 Faza grupowa/ligowa Nordsjælland
15%
Szwajcaria 1 Faza grupowa/ligowa Thun
15%
Holandia 1 Faza grupowa/ligowa Willem II
14%
Cypr 1 Faza grupowa/ligowa Anorthosis
12%
Rumunia 1 Faza grupowa/ligowa Unirea Urziceni
10%
Węgry 1 Faza grupowa/ligowa Debreceni
8%
Rumunia 1 Faza grupowa/ligowa Otelul Gałacz
8%
Belgia 1 Faza grupowa/ligowa Lierse
7%
Szwecja 1 Faza grupowa/ligowa Helsingborgs IF
4%
Nie znaleziono quizów pasujących do podanych kryteriów
Rozkład punktacji
Procent ludzi z każdym wynikiem
Percentyl według liczby udzielonych odpowiedzi
Twoja historia wyników
Nie rozwiązałeś tego quizu